[Event "4NCL Team Rapidplay"]
[Site "Daventry"]
[Date "2013.10.05"]
[Round "3.5"]
[White "Pitcher, John"]
[Black "Healey, Michael W"]
[Result "0-1"]
[WhiteElo "2246"]
[BlackElo "2091"]
[PlyCount "82"]
[EventDate "2013.10.05"]
[EventType "team-swiss (rapid)"]
[EventRounds "7"]
[EventCountry "ENG"]
[WhiteTeam "Warwickshire Select"]
[BlackTeam "Oxford"]
[WhiteTeamCountry "ENG"]
[BlackTeamCountry "ENG"]
[TimeControl "900+100"]
[WhiteClock "0:00:29"]
[BlackClock "0:02:41"]

1. e4 e5 2. Bc4 Nf6 3. d3 Nc6 4. Nf3 Be7 5. O-O O-O 6. Re1 d6 7. a4 h6 8. Nbd2
Nh7 9. Nf1 Be6 10. Ne3 Ng5 11. Nf5 Bxf5 12. Bxg5 Bxg5 13. exf5 Qf6 14. a5 a6
15. Bd5 Qxf5 16. Be4 Qf6 17. c3 Rab8 18. Ra4 Qd8 19. Bxc6 bxc6 20. Qe2 f5 21.
Rc4 c5 22. b4 Rb5 23. Nxg5 Qxg5 24. h4 Qf6 25. Qf3 e4 26. dxe4 Qxh4 27. g3 Qe7
28. Rd1 Qf7 29. Qe2 f4 30. bxc5 Rxa5 31. e5 dxe5 32. gxf4 exf4 33. Qe4 f3 34.
Qd5 Ra2 35. Qxf7+ Rxf7 36. c6 Rf6 37. Rd8+ Kh7 38. Rdd4 h5 39. Rc5 Rg6+ 40. Kh1
Ra1+ 41. Kh2 Rg2+ 0-1

[Event "4NCL Team Rapidplay"]
[Site "Daventry"]
[Date "2013.10.05"]
[Round "3.7"]
[White "Mason, Donald J"]
[Black "Dickinson, Tim"]
[Result "1/2-1/2"]
[WhiteElo "2204"]
[BlackElo "2122"]
[PlyCount "53"]
[EventDate "2013.10.05"]
[EventType "team-swiss (rapid)"]
[EventRounds "7"]
[EventCountry "ENG"]
[WhiteTeam "Warwickshire Select"]
[BlackTeam "Oxford"]
[WhiteTeamCountry "ENG"]
[BlackTeamCountry "ENG"]

1. d4 Nf6 2. c4 e6 3. Nc3 Bb4 4. e3 c5 5. a3 Bxc3+ 6. bxc3 O-O 7. Bd3 Nc6 8.
Ne2 d6 9. e4 e5 10. O-O h6 11. d5 Ne7 12. Ng3 Ng6 13. Nf5 Ne7 14. Qf3 Nxf5 15.
exf5 e4 16. Bxe4 Nxe4 17. Qxe4 Qf6 18. g4 Bd7 19. Bf4 Rae8 20. Qf3 g5 21. Bd2
Re5 22. Rfe1 Rfe8 23. Rxe5 Rxe5 24. Re1 Kg7 25. Qd3 Rxe1+ 26. Bxe1 Qe5 27. Bd2
1/2-1/2

[Event "4NCL Team Rapidplay"]
[Site "Daventry"]
[Date "2013.10.05"]
[Round "3.8"]
[White "Riley, Adrian K"]
[Black "Baruch, Andrew"]
[Result "0-1"]
[WhiteElo "1632"]
[BlackElo "2078"]
[PlyCount "88"]
[EventDate "2013.10.05"]
[EventType "team-swiss (rapid)"]
[EventRounds "7"]
[EventCountry "ENG"]
[WhiteTeam "Oxford"]
[BlackTeam "Warwickshire Select"]
[WhiteTeamCountry "ENG"]
[BlackTeamCountry "ENG"]

1. e4 Nf6 2. Nc3 d5 3. exd5 Nxd5 4. Nf3 Nc6 5. Be2 g6 6. d4 Bg7 7. O-O Nxc3 8.
bxc3 O-O 9. Be3 e5 10. Qd2 Be6 11. Rfd1 Bd5 12. Bh6 e4 13. Ne1 Na5 14. Bxg7
Kxg7 15. Qf4 Re8 16. g3 Qd6 17. Qc1 f5 18. Ng2 c6 19. Ne3 b5 20. a4 a6 21. Qa3
Qxa3 22. Rxa3 Nc4 23. Nxc4 bxc4 24. a5 Rab8 25. Ra4 Rb2 26. Bxc4 Rxc2 27. Rb1
e3 28. fxe3 Rxe3 29. Bxa6 Rg2+ 30. Kf1 Rxc3 31. Raa1 Rxh2 32. Ke1 Rxg3 33. Bf1
Rg1 34. Rb7+ Kf6 35. Rxh7 Rxh7 36. Kf2 Rgh1 37. a6 Ra7 38. Rb1 Bc4 39. Rb6
Rxf1+ 40. Kg2 Rxa6 41. Rb7 Ra2+ 42. Kg3 Bd5 43. Rb8 Rg2+ 44. Kh3 Rh1# 0-1

[Event "4NCL Team Rapidplay"]
[Site "Daventry"]
[Date "2013.10.05"]
[Round "4.2"]
[White "Josse, Mark"]
[Black "Smerdon, David"]
[Result "0-1"]
[WhiteElo "2173"]
[BlackElo "2523"]
[PlyCount "76"]
[EventDate "2013.10.05"]
[EventType "team-swiss (rapid)"]
[EventRounds "7"]
[EventCountry "ENG"]
[WhiteTeam "SMPS"]
[BlackTeam "Guildford"]
[WhiteTeamCountry "ENG"]
[BlackTeamCountry "ENG"]
[TimeControl "900+160"]
[WhiteClock "0:00:17"]
[BlackClock "0:00:52"]

1. d4 Nf6 2. c4 c5 3. d5 e5 4. Nc3 d6 5. e4 Nbd7 6. Bd3 Be7 7. Nge2 Nf8 8. h4
h5 9. g3 a6 10. f3 N6h7 11. Be3 g5 12. hxg5 Nxg5 13. Ng1 h4 14. f4 Ngh7 15. f5
Rg8 16. g4 Bg5 17. Bf2 Bf4 18. Bxh4 Qa5 19. Nh3 Be3 20. Qe2 Bd4 21. Rc1 Bd7 22.
a3 b5 23. cxb5 axb5 24. g5 c4 25. Bb1 b4 26. axb4 Qxb4 27. Rh2 Ra1 28. Kf1 Rh8
29. Ng1 Qb6 30. Bf2 Rg8 31. Qxc4 Bxf2 32. Rxf2 Rxg5 33. Nf3 Rh5 34. Ke2 Nf6 35.
Rg1 Rh3 36. b4 Nh5 37. Rg4 Rxb1 38. Kd2 Qxf2+ 0-1

[Event "4NCL Team Rapidplay"]
[Site "Daventry"]
[Date "2013.10.05"]
[Round "4.3"]
[White "Hebden, Mark"]
[Black "Holmes, Richard"]
[Result "1-0"]
[WhiteElo "2548"]
[BlackElo "2270"]
[PlyCount "62"]
[EventDate "2013.10.05"]
[EventType "team-swiss (rapid)"]
[EventRounds "7"]
[EventCountry "ENG"]
[WhiteTeam "Guildford"]
[BlackTeam "SMPS"]
[WhiteTeamCountry "ENG"]
[BlackTeamCountry "ENG"]
[TimeControl "900+120"]
[WhiteClock "0:05:48"]
[BlackClock "0:00:19"]

1. d4 Nf6 2. Nf3 g6 3. Nc3 d5 4. Bf4 Bg7 5. Qd2 Ne4 6. Nxe4 dxe4 7. Ne5 Nd7 8.
Nxd7 Qxd7 9. e3 O-O 10. Qb4 b6 11. Rd1 Bb7 12. Bb5 c6 13. Be2 Rac8 14. O-O Rfd8
15. a4 e6 16. c3 Qd5 17. a5 Bf8 18. Qa4 b5 19. Qa1 a6 20. b4 Qf5 21. h3 h5 22.
f3 exf3 23. Bxf3 g5 24. Be5 Qg6 25. Qb1 f5 26. g4 hxg4 27. hxg4 Bd6 28. gxf5
exf5 29. Bxd6 Rxd6 30. e4 Rf6 31. exf5 Rxf5 1-0

[Event "4NCL Team Rapidplay"]
[Site "Daventry"]
[Date "2013.10.05"]
[Round "4.4"]
[White "Benjamin, Martin"]
[Black "Wall, Gavin"]
[Result "0-1"]
[WhiteElo "2040"]
[BlackElo "2333"]
[PlyCount "132"]
[EventDate "2013.10.05"]
[EventType "team-swiss (rapid)"]
[EventRounds "7"]
[EventCountry "ENG"]
[WhiteTeam "SMPS"]
[BlackTeam "Guildford"]
[WhiteTeamCountry "ENG"]
[BlackTeamCountry "ENG"]
[TimeControl "900+130"]
[WhiteClock "0:00:52"]
[BlackClock "0:03:18"]

1. Nf3 d6 2. d4 f5 3. g3 Nf6 4. Bg2 g6 5. b3 Bg7 6. Bb2 O-O 7. Nbd2 c6 8. O-O
Na6 9. Re1 h6 10. e4 fxe4 11. Nxe4 Nxe4 12. Rxe4 Bf5 13. Re2 g5 14. Qe1 Rf7 15.
c3 Qd7 16. Nd2 Raf8 17. Be4 Nc7 18. Bxf5 Qxf5 19. f3 Nd5 20. Rc1 Qd3 21. Rf2
Qa6 22. a3 b5 23. Qe2 Qb6 24. Kg2 a5 25. Nf1 b4 26. axb4 axb4 27. c4 Nc3 28.
Bxc3 bxc3 29. d5 cxd5 30. cxd5 Qxb3 31. Qd3 Rc8 32. Ne3 Rc5 33. Rb1 Qa4 34.
Rb8+ Rf8 35. Rxf8+ Kxf8 36. Qg6 Qe8 37. Qd3 Qa8 38. Qg6 Qe8 39. Qd3 Qf7 40. Rc2
Kg8 41. Qe4 Qf6 42. Qd3 Qd4 43. Qxd4 Bxd4 44. Nf5 Bf6 45. Nxh6+ Kg7 46. Nf5+
Kf7 47. Ne3 e6 48. dxe6+ Kxe6 49. Kf1 d5 50. Ke2 Ra5 51. Kd3 Ra1 52. Ng4 Bg7
53. f4 gxf4 54. gxf4 d4 55. Nf2 Kf5 56. h4 Kxf4 57. h5 Kg5 58. Ne4+ Kxh5 59.
Nd6 Rd1+ 60. Kc4 d3 61. Rxc3 Bxc3 62. Kxc3 Kg4 63. Ne4 Kf3 64. Nc5 Ke3 65. Nb3
d2 66. Kc2 Rh1 0-1

[Event "4NCL Team Rapidplay"]
[Site "Daventry"]
[Date "2013.10.05"]
[Round "4.5"]
[White "Pritchett, Craig W"]
[Black "Merry, Alan B"]
[Result "1/2-1/2"]
[WhiteElo "2359"]
[BlackElo "2297"]
[PlyCount "81"]
[EventDate "2013.10.05"]
[EventType "team-swiss (rapid)"]
[EventRounds "7"]
[EventCountry "ENG"]
[WhiteTeam "Barbican II"]
[BlackTeam "RSJ"]
[WhiteTeamCountry "ENG"]
[BlackTeamCountry "ENG"]

1. Nf3 Nf6 2. c4 g6 3. Nc3 Bg7 4. e4 d6 5. d4 O-O 6. Be2 Nbd7 7. O-O e5 8. d5
Ne8 9. Bg5 Bf6 10. Bh6 Ng7 11. Qd2 Be7 12. Qc2 Kh8 13. b4 Nf6 14. c5 Ng8 15.
Bd2 f5 16. Rac1 f4 17. cxd6 cxd6 18. Nb5 Ne8 19. Nc7 Rb8 20. Rfd1 g5 21. Ne6
Bxe6 22. dxe6 Ng7 23. Bc4 g4 24. Nxe5 dxe5 25. Bxf4 Rxf4 26. Rxd8 Rxd8 27. g3
Rf6 28. Qb2 Nxe6 29. Qxe5 Nd4 30. Qh5 Nf3+ 31. Kg2 Nh6 32. e5 Rg6 33. h4 Bxb4
34. Be2 Ne1+ 35. Kf1 Rf8 36. Rc4 Rf5 37. Rc8+ Kg7 38. Rc7+ Kh8 39. Rc8+ Kg7 40.
Rc7+ Kh8 41. Rc8+ 1/2-1/2

[Event "4NCL Team Rapidplay"]
[Site "Daventry"]
[Date "2013.10.05"]
[Round "4.6"]
[White "Mayhew, Andrew"]
[Black "Sands, David"]
[Result "1/2-1/2"]
[WhiteElo "2058"]
[BlackElo "2243"]
[PlyCount "59"]
[EventDate "2013.10.05"]
[EventType "team-swiss (rapid)"]
[EventRounds "7"]
[EventCountry "ENG"]
[WhiteTeam "RSJ"]
[BlackTeam "Barbican II"]
[WhiteTeamCountry "ENG"]
[BlackTeamCountry "ENG"]
[TimeControl "900+130"]
[WhiteClock "0:01:08"]
[BlackClock "0:00:43"]

1. d4 d5 2. c4 dxc4 3. Nf3 Nf6 4. Nc3 c6 5. g3 Nbd7 6. Bg2 g6 7. O-O Bg7 8. a4
O-O 9. e4 Qa5 10. Qe2 e5 11. Nxe5 Nxe5 12. dxe5 Qxe5 13. f4 Qe7 14. e5 Nd7 15.
Be3 f6 16. Qxc4+ Kh8 17. e6 Re8 18. Bh3 f5 19. Rfe1 Qxe6 20. Bd4 Qxc4 21. Rxe8+
Qg8 22. Bxg7+ Kxg7 23. Rxg8+ Kxg8 24. Rd1 Kf7 25. Bf1 Ke7 26. Re1+ Kd8 27. Rd1
Ke7 28. Re1+ Kd8 29. Rd1 Ke7 30. Re1+ 1/2-1/2

[Event "4NCL Team Rapidplay"]
[Site "Daventry"]
[Date "2013.10.05"]
[Round "4.7"]
[White "Hodgson, John H"]
[Black "Snape, Ian L"]
[Result "1/2-1/2"]
[WhiteElo "2150"]
[BlackElo "2218"]
[PlyCount "97"]
[EventDate "2013.10.05"]
[EventType "team-swiss (rapid)"]
[EventRounds "7"]
[EventCountry "ENG"]
[WhiteTeam "Barbican II"]
[BlackTeam "RSJ"]
[WhiteTeamCountry "ENG"]
[BlackTeamCountry "ENG"]
[TimeControl "900+75"]
[WhiteClock "0:02:07"]
[BlackClock "0:00:43"]

1. e4 d6 2. d4 Nf6 3. Nc3 Nbd7 4. g4 h6 5. h3 e5 6. Nge2 c6 7. Be3 exd4 8. Nxd4
d5 9. exd5 cxd5 10. Bg2 Nb6 11. O-O Be7 12. Qd3 O-O 13. Rad1 Nc4 14. Bc1 Ne5
15. Qe2 Nc6 16. Be3 Re8 17. a3 Nxd4 18. Bxd4 Bd7 19. Qd2 Bc6 20. Rfe1 Qd7 21.
Re2 a6 22. Rde1 Rac8 23. b4 Nh7 24. f4 Bb5 25. Nxb5 axb5 26. Qd3 Bh4 27. Rxe8+
Rxe8 28. Rxe8+ Qxe8 29. Bf2 Bxf2+ 30. Kxf2 Nf6 31. Bxd5 Qb8 32. Kf3 Qa7 33. c4
bxc4 34. Bxc4 Qb6 35. b5 Kf8 36. a4 Qc5 37. a5 g5 38. fxg5 hxg5 39. a6 bxa6 40.
bxa6 Qc7 41. Qd4 Qe7 42. a7 Qa3+ 43. Bd3 Ne8 44. Ke2 Qa2+ 45. Ke3 Qa5 46. Be4
Qe1+ 47. Kd3 Qd1+ 48. Kc3 Qa1+ 49. Kd3 1/2-1/2

[Event "4NCL Team Rapidplay"]
[Site "Daventry"]
[Date "2013.10.05"]
[Round "4.8"]
[White "Talsma, Paul"]
[Black "Bhatia, Kanwal K"]
[Result "0-1"]
[WhiteElo "2192"]
[BlackElo "2039"]
[PlyCount "62"]
[EventDate "2013.10.05"]
[EventType "team-swiss (rapid)"]
[EventRounds "7"]
[EventCountry "ENG"]
[WhiteTeam "RSJ"]
[BlackTeam "Barbican II"]
[WhiteTeamCountry "ENG"]
[BlackTeamCountry "ENG"]
[TimeControl "900+175"]
[BlackClock "0:00:14"]

1. d4 Nf6 2. c4 c5 3. d5 b5 4. cxb5 a6 5. f3 g6 6. e4 Bg7 7. e5 Ng8 8. f4 d6 9.
Nf3 Nh6 10. Nc3 O-O 11. bxa6 Nxa6 12. Bc4 Bg4 13. O-O Nf5 14. h3 Bxf3 15. Qxf3
Nd4 16. Qf2 dxe5 17. fxe5 Bxe5 18. Bh6 Nf5 19. Qd2 Bd4+ 20. Kh2 Nxh6 21. Qxh6
Bg7 22. Qh4 Qd6+ 23. Kh1 Nc7 24. Ne4 Qe5 25. Ng5 h6 26. Nxf7 Rxf7 27. d6 Nd5
28. Rxf7 Kxf7 29. Re1 Qxd6 30. Rxe7+ Kf8 31. Re2 Kf7 0-1

[Event "4NCL Team Rapidplay"]
[Site "Daventry"]
[Date "2013.10.05"]
[Round "4.1"]
[White "Piper, Matthew"]
[Black "Maroroa, Sue"]
[Result "1-0"]
[WhiteElo "2362"]
[BlackElo "2130"]
[PlyCount "81"]
[EventDate "2013.10.05"]
[EventType "team-swiss (rapid)"]
[EventRounds "7"]
[EventCountry "ENG"]
[WhiteTeam "Barbican"]
[BlackTeam "Oxford"]
[WhiteTeamCountry "ENG"]
[BlackTeamCountry "ENG"]

1. e4 e5 2. Nf3 Nc6 3. Nc3 Nf6 4. d4 exd4 5. Nxd4 Bc5 6. Nb3 Bb6 7. Qe2 d6 8.
Be3 h6 9. O-O-O Qe7 10. f3 Be6 11. Kb1 Na5 12. Nxa5 Bxa5 13. Qb5+ c6 14. Qxa5
O-O 15. g4 b6 16. Qa6 Bc8 17. Qd3 Ne8 18. h4 a5 19. g5 h5 20. Bf4 Ba6 21. Qd2
Bxf1 22. Rhxf1 Rd8 23. Ne2 a4 24. a3 c5 25. Nc3 Qd7 26. e5 b5 27. Ne4 Qf5 28.
Nxd6 Nxd6 29. exd6 Rd7 30. Rfe1 b4 31. axb4 Rb8 32. Re5 Qh3 33. Rxc5 Qxf3 34.
Rc7 Qg4 35. Rxd7 Qxd7 36. Qd4 Rc8 37. Rd2 Re8 38. Be5 g6 39. Bh8 Re1+ 40. Ka2
Qe6+ 41. c4 1-0

[Event "4NCL Team Rapidplay"]
[Site "Daventry"]
[Date "2013.10.05"]
[Round "4.2"]
[White "Healey, Michael W"]
[Black "Cox, John"]
[Result "0-1"]
[WhiteElo "2091"]
[BlackElo "2387"]
[PlyCount "64"]
[EventDate "2013.10.05"]
[EventType "team-swiss (rapid)"]
[EventRounds "7"]
[EventCountry "ENG"]
[WhiteTeam "Oxford"]
[BlackTeam "Barbican"]
[WhiteTeamCountry "ENG"]
[BlackTeamCountry "ENG"]
[TimeControl "900+135"]
[WhiteClock "0:02:13"]
[BlackClock "0:05:47"]

1. e4 e5 2. Nf3 Nc6 3. Nc3 Nf6 4. a3 d6 5. h3 g6 6. Bc4 Bg7 7. d3 Be6 8. Bxe6
fxe6 9. Bg5 h6 10. Bd2 Qe7 11. Qe2 Nh5 12. O-O-O O-O-O 13. g4 Nf6 14. Rhg1 Nd7
15. Rg3 Rhf8 16. g5 h5 17. Nh4 Nd4 18. Qf1 Qf7 19. Be3 Nc5 20. Re1 Rg8 21. Ne2
Nxe2+ 22. Qxe2 Bf8 23. Bxc5 dxc5 24. Rf3 Qd7 25. Rg1 Be7 26. Rf7 Bxg5+ 27. Rxg5
Qxf7 28. Qe3 b6 29. Qg3 Qf6 30. f3 Kb7 31. b3 Rdf8 32. Qg2 Qf4+ 0-1

[Event "4NCL Team Rapidplay"]
[Site "Daventry"]
[Date "2013.10.05"]
[Round "4.3"]
[White "Rogers, Jonathan"]
[Black "Dickinson, Tim"]
[Result "1-0"]
[WhiteElo "2307"]
[BlackElo "2122"]
[PlyCount "47"]
[EventDate "2013.10.05"]
[EventType "team-swiss (rapid)"]
[EventRounds "7"]
[EventCountry "ENG"]
[WhiteTeam "Barbican"]
[BlackTeam "Oxford"]
[WhiteTeamCountry "ENG"]
[BlackTeamCountry "ENG"]
[TimeControl "900+60"]
[WhiteClock "0:10:15"]
[BlackClock "0:04:57"]

1. d4 Nf6 2. Nf3 e6 3. c4 d5 4. g3 c6 5. Nbd2 Be7 6. Bg2 O-O 7. O-O Ne4 8. Nxe4
dxe4 9. Ne5 f6 10. Ng4 f5 11. Ne5 Nd7 12. Nxd7 Bxd7 13. f3 exf3 14. Bxf3 Qb6
15. c5 Qd8 16. b4 Bf6 17. Bb2 Qe7 18. Qb3 Kh8 19. Bg2 Rae8 20. Rae1 g6 21. e4
fxe4 22. Rxe4 Qg7 23. Ref4 e5 24. dxe5 1-0

[Event "4NCL Team Rapidplay"]
[Site "Daventry"]
[Date "2013.10.05"]
[Round "4.4"]
[White "Riley, Adrian K"]
[Black "Sanders, Isaac"]
[Result "0-1"]
[WhiteElo "1632"]
[BlackElo "2269"]
[PlyCount "114"]
[EventDate "2013.10.05"]
[EventType "team-swiss (rapid)"]
[EventRounds "7"]
[EventCountry "ENG"]
[WhiteTeam "Oxford"]
[BlackTeam "Barbican"]
[WhiteTeamCountry "ENG"]
[BlackTeamCountry "ENG"]

1. e4 c5 2. Nf3 e6 3. d4 cxd4 4. Nxd4 Nf6 5. Nc3 d6 6. Bd3 Nc6 7. Nf3 Be7 8.
O-O O-O 9. a3 a6 10. h3 b5 11. Re1 Qc7 12. Bf4 Ne5 13. Nxe5 dxe5 14. Bh2 Bb7
15. Qe2 Rfd8 16. Na2 Rd7 17. Rad1 Rad8 18. f3 Nh5 19. g3 Nf6 20. Kg2 Rd6 21. c3
Nd7 22. Bc2 Nb6 23. b3 Rxd1 24. Rxd1 Bxa3 25. Rd3 Bc5 26. Qd1 Rxd3 27. Qxd3 h6
28. g4 f6 29. h4 Kf7 30. Bg3 Qd7 31. Qe2 Bc6 32. Nc1 a5 33. Nd3 Bd6 34. f4 exf4
35. Bxf4 Bxf4 36. Nxf4 Qd6 37. Nh5 Qe5 38. Qd3 Nd7 39. Qe3 f5 40. gxf5 exf5 41.
Ng3 f4 42. Qf2 Nf6 43. Ne2 Bxe4+ 44. Bxe4 Qxe4+ 45. Qf3 a4 46. bxa4 bxa4 47.
Qxe4 Nxe4 48. c4 Nd2 49. Nc3 f3+ 50. Kf2 a3 51. c5 Ne4+ 52. Nxe4 a2 53. Kxf3
a1=Q 54. Kf4 Ke6 55. Ke3 Kd5 56. Nd6 Kxc5 57. Nf5 Qe5+ 0-1

[Event "4NCL Team Rapidplay"]
[Site "Daventry"]
[Date "2013.10.05"]
[Round "4.5"]
[White "Sowray, Peter J"]
[Black "Hunt, Peter"]
[Result "1-0"]
[WhiteElo "2335"]
[BlackElo "2072"]
[PlyCount "75"]
[EventDate "2013.10.05"]
[EventType "team-swiss (rapid)"]
[EventRounds "7"]
[EventCountry "ENG"]
[WhiteTeam "CSC II"]
[BlackTeam "MK Phoenix"]
[WhiteTeamCountry "ENG"]
[BlackTeamCountry "ENG"]
[TimeControl "900+100"]
[WhiteClock "0:04:42"]
[BlackClock "0:09:26"]

1. d4 c5 2. d5 f5 3. Nc3 Nf6 4. e4 fxe4 5. g4 d6 6. g5 Ng4 7. Bb5+ Bd7 8. Qxg4
Bxb5 9. Nxb5 Nd7 10. Qxe4 Qa5+ 11. Nc3 g6 12. Nge2 Bg7 13. Bf4 Be5 14. Bxe5
Nxe5 15. f4 Nd7 16. O-O Rf8 17. a3 a6 18. Ng3 Qc7 19. a4 Rf7 20. a5 b5 21. axb6
Nxb6 22. Qe6 Qd7 23. b3 Rg7 24. Nce4 O-O-O 25. Rxa6 Kb7 26. Rfa1 Qxe6 27. Ra7+
Kb8 28. dxe6 Rgg8 29. Rxe7 Nd5 30. Rxh7 Nxf4 31. Nf6 Nxe6 32. Nxg8 Rxg8 33. h4
Rf8 34. Rf1 Re8 35. Ne4 Rd8 36. Rf6 Nd4 37. Nxd6 Nxc2 38. Rff7 1-0

[Event "4NCL Team Rapidplay"]
[Site "Daventry"]
[Date "2013.10.05"]
[Round "4.7"]
[White "Foley, John P"]
[Black "Adebajo, Olufemi"]
[Result "0-1"]
[WhiteElo "2018"]
[BlackElo "1971"]
[PlyCount "76"]
[EventDate "2013.10.05"]
[EventType "team-swiss (rapid)"]
[EventRounds "7"]
[EventCountry "ENG"]
[WhiteTeam "CSC II"]
[BlackTeam "MK Phoenix"]
[WhiteTeamCountry "ENG"]
[BlackTeamCountry "ENG"]

1. d4 d5 2. Nf3 c6 3. Bf4 e6 4. e3 f5 5. c4 Nf6 6. Nc3 Bd6 7. Bxd6 Qxd6 8. Bd3
O-O 9. O-O Ne4 10. Rc1 Nd7 11. a3 Kh8 12. b4 Qe7 13. g3 g5 14. Ne5 Nxe5 15.
dxe5 Bd7 16. f4 Rg8 17. Bxe4 fxe4 18. Qd4 a5 19. cxd5 axb4 20. d6 Qg7 21. axb4
gxf4 22. exf4 Ra3 23. Nxe4 Qg4 24. Rc3 c5 25. Rxc5 Bc6 26. Rxc6 bxc6 27. d7 Qh4
28. Rd1 Raa8 29. Ng5 Qg4 30. Nf7+ Kg7 31. d8=Q Rgxd8 32. Nxd8 Kh6 33. Nf7+ Kg6
34. Ng5 h6 35. Qd3+ Kh5 36. Nf3 Ra2 37. Rf1 Qh3 38. Qd7 Qg2# 0-1

[Event "4NCL Team Rapidplay"]
[Site "Daventry"]
[Date "2013.10.05"]
[Round "4.8"]
[White "Macdonald-Ross, Michael"]
[Black "Sainbayar, Anuurai"]
[Result "1-0"]
[WhiteElo "2128"]
[BlackElo "1686"]
[PlyCount "33"]
[EventDate "2013.10.05"]
[EventType "team-swiss (rapid)"]
[EventRounds "7"]
[EventCountry "ENG"]
[WhiteTeam "MK Phoenix"]
[BlackTeam "CSC II"]
[WhiteTeamCountry "ENG"]
[BlackTeamCountry "ENG"]

1. d4 Nf6 2. Nf3 d6 3. g3 g6 4. Bg2 Bg7 5. O-O O-O 6. c4 Bg4 7. Nc3 Nc6 8. d5
Bxf3 9. exf3 Ne5 10. Qe2 Nfd7 11. f4 Nxc4 12. Qxc4 Nb6 13. Qb3 a5 14. a4 h5 15.
Be3 Bf6 16. Rfd1 e6 17. dxe6 1-0

[Event "4NCL Team Rapidplay"]
[Site "Daventry"]
[Date "2013.10.05"]
[Round "5.1"]
[White "Piper, Matthew"]
[Black "Jones, Gawain CB"]
[Result "1-0"]
[WhiteElo "2362"]
[BlackElo "2638"]
[PlyCount "155"]
[EventDate "2013.10.05"]
[EventType "team-swiss (rapid)"]
[EventRounds "7"]
[EventCountry "ENG"]
[WhiteTeam "Barbican"]
[BlackTeam "Guildford"]
[WhiteTeamCountry "ENG"]
[BlackTeamCountry "ENG"]

1. e4 d6 2. Nc3 c5 3. g3 g6 4. Bg2 Bg7 5. d3 Nc6 6. Bg5 Rb8 7. Qd2 b5 8. Nge2
b4 9. Nd1 Bg4 10. h3 Bxe2 11. Qxe2 Nd4 12. Qd2 Qd7 13. O-O Qa4 14. c3 Ne6 15.
Be3 Nf6 16. f4 O-O 17. f5 gxf5 18. exf5 Nc7 19. Bh6 Bxh6 20. Qxh6 bxc3 21. bxc3
Kh8 22. g4 Qc2 23. g5 Ng8 24. Qh4 f6 25. g6 h6 26. Qc4 Qd2 27. Nf2 Rb2 28. Rae1
Kg7 29. d4 e5 30. dxe5 fxe5 31. Rd1 Qf4 32. Qxf4 exf4 33. Rxd6 Nf6 34. Ng4 Rb6
35. Rxb6 axb6 36. Rd1 Nce8 37. Rd8 Nxg4 38. hxg4 Nf6 39. Rd6 Nxg4 40. Rd7+ Kf6
41. Bd5 Ne5 42. Rb7 Nxg6 43. fxg6 Kxg6 44. Rxb6+ Kg5 45. a4 Re8 46. Kf2 Re3 47.
Rb3 Rd3 48. Bc4 Rd2+ 49. Kf3 Ra2 50. Rb5 Rxa4 51. Rxc5+ Kf6 52. Kxf4 h5 53.
Rc6+ Ke7 54. Ke3 h4 55. Kd3 Ra1 56. Rh6 Rh1 57. Bd5 Rh2 58. c4 h3 59. Be6 Kd6
60. Bxh3+ Kc5 61. Rh5+ Kb6 62. Bg4 Rf2 63. Rf5 Ra2 64. Kc3 Ra1 65. Rb5+ Kc7 66.
Kd4 Rf1 67. Rf5 Rh1 68. Kc5 Rh7 69. Bf3 Rg7 70. Bd5 Rg6 71. Rf7+ Kd8 72. Kb5
Rg5 73. Kb6 Ke8 74. Rh7 Kd8 75. Bc6 Rg1 76. Rd7+ Kc8 77. Re7 Rb1+ 78. Bb5 1-0

[Event "4NCL Team Rapidplay"]
[Site "Daventry"]
[Date "2013.10.05"]
[Round "5.2"]
[White "Smerdon, David"]
[Black "Cox, John"]
[Result "1/2-1/2"]
[WhiteElo "2523"]
[BlackElo "2387"]
[Annotator "Saunders,John"]
[PlyCount "52"]
[EventDate "2013.10.05"]
[EventType "team-swiss (rapid)"]
[EventRounds "7"]
[EventCountry "ENG"]
[WhiteTeam "Guildford"]
[BlackTeam "Barbican"]
[WhiteTeamCountry "ENG"]
[BlackTeamCountry "ENG"]
[TimeControl "900+235"]
[WhiteClock "0:01:46"]
[BlackClock "0:04:24"]

1. e4 e5 2. Nf3 Nc6 3. Nc3 Nf6 4. d4 Bb4 5. Nxe5 Qe7 6. Nxc6 Qxe4+ 7. Qe2 dxc6
8. Bd2 Bxc3 9. Bxc3 Bf5 10. O-O-O O-O-O 11. Qxe4 Nxe4 12. Be1 Rhe8 13. f3 Nf6
14. Bh4 Rd6 15. Bg3 Rd7 16. Bc4 Be6 17. Bxe6 Rxe6 18. c3 Re2 19. Rd2 Rxd2 20.
Kxd2 c5 21. Be5 cxd4 22. cxd4 Ne8 23. Kd3 Re7 24. b4 Kd7 25. b5 f6 26. Bg3 Nd6
1/2-1/2

[Event "4NCL Team Rapidplay"]
[Site "Daventry"]
[Date "2013.10.05"]
[Round "5.3"]
[White "Rogers, Jonathan"]
[Black "Hebden, Mark"]
[Result "1-0"]
[WhiteElo "2307"]
[BlackElo "2548"]
[PlyCount "91"]
[EventDate "2013.10.05"]
[EventType "team-swiss (rapid)"]
[EventRounds "7"]
[EventCountry "ENG"]
[WhiteTeam "Barbican"]
[BlackTeam "Guildford"]
[WhiteTeamCountry "ENG"]
[BlackTeamCountry "ENG"]
[TimeControl "900+150"]
[WhiteClock "0:06:58"]
[BlackClock "0:05:08"]

1. d4 Nf6 2. c4 g6 3. Nc3 Bg7 4. e4 d6 5. f4 O-O 6. Nf3 c5 7. Be2 cxd4 8. Nxd4
Nc6 9. Be3 Bd7 10. O-O Rc8 11. Qd2 Nxd4 12. Bxd4 Bc6 13. Bf3 e5 14. Bxa7 exf4
15. Rad1 Qa5 16. Bd4 g5 17. Nd5 Qxd2 18. Ne7+ Kh8 19. Rxd2 Rcd8 20. Nf5 Ne8 21.
Nxg7 Nxg7 22. Bf6 Rde8 23. Bxg5 f5 24. exf5 Rxf5 25. Bxc6 bxc6 26. Bxf4 Re4 27.
Bxd6 Rxf1+ 28. Kxf1 Nf5 29. Bb4 Rxc4 30. Bc3+ Kg8 31. Ke2 Kf7 32. Kd3 Rg4 33.
Rf2 Ke6 34. b3 h5 35. a4 Rg8 36. a5 Nd6 37. Rf6+ Kd5 38. Rh6 Rxg2 39. Rxh5+ Ke6
40. Re5+ Kd7 41. Re2 Rg4 42. Be5 Nb5 43. Re4 Rg2 44. a6 Rg8 45. h4 Ke6 46. Bb8+
1-0

[Event "4NCL Team Rapidplay"]
[Site "Daventry"]
[Date "2013.10.05"]
[Round "5.4"]
[White "Wall, Gavin"]
[Black "Sanders, Isaac"]
[Result "1/2-1/2"]
[WhiteElo "2333"]
[BlackElo "2269"]
[PlyCount "49"]
[EventDate "2013.10.05"]
[EventType "team-swiss (rapid)"]
[EventRounds "7"]
[EventCountry "ENG"]
[WhiteTeam "Guildford"]
[BlackTeam "Barbican"]
[WhiteTeamCountry "ENG"]
[BlackTeamCountry "ENG"]
[TimeControl "900+135"]
[WhiteClock "0:02:07"]
[BlackClock "0:01:00"]

1. e4 c5 2. Nf3 e6 3. c3 d5 4. e5 b6 5. d4 Qd7 6. a4 Ba6 7. Bxa6 Nxa6 8. Qe2
Nc7 9. a5 c4 10. axb6 axb6 11. Rxa8+ Nxa8 12. b3 b5 13. Qa2 Qc6 14. Qa7 Ne7 15.
Na3 Nc8 16. Qb8 Nab6 17. bxc4 dxc4 18. O-O Bxa3 19. d5 exd5 20. Nd4 Qc5 21.
Bxa3 Qxa3 22. Nxb5 Qc5 23. Nd6+ Kd7 24. Nxf7 Re8 25. Re1 1/2-1/2